000 00576cam a22001935a 4500
001 L141090
008 071026s1910 xxk eng u
035 _a(Sirsi) u141090
041 0 _aeng
245 0 0 _aDuties on air values
260 _aExeter
_bFlying Post
_c[1910]
300 _a2 leaves
_c34 x 21 cm.
340 _aPrinted
351 _cSingle item
500 _aItem is a parody on 'Form IV' issued in connection with returns to be made under the Finance (1909-10) Act 1910.
651 4 _aUnited Kingdom
_y
690 _aPROPERTY-PROPERTY TAXATION
942 _n0
999 _c116583
_d116583